Mikro-roboty - komplexný spôsob dočistenia vôd

Enregistré dans:
Détails bibliographiques
Auteur principal: Drdanová, Alexandra Paulína (Auteur)
Autres auteurs: Mackuľak, Tomáš (Directeur de thèse)
Format: Manuscrit Livre
Langue:slovaque
Publié: 2025
Sujets:
Accès en ligne:http://is.stuba.sk/zp/portal_zp.pl?podrobnosti=185341
Tags: Ajouter un tag
Pas de tags, Soyez le premier à ajouter un tag!

MARC

LEADER 00000ntm a22000003a 4500
001 stuzp95836
003 SK-STU
005 20251220210343.3
007 ta
008 150427s2015----xo-----f-mn---000-0-slo-d
040 |a STU  |b slo 
041 0 |a slo 
100 1 |a Drdanová, Alexandra Paulína  |u 046290  |4 aut  |U FCHPT Ústav chemického a environmentálneho inžinierstva  |T FCHPT Oddelenie environmentálneho inžinierstva  |X 97484  |U C6290  |Y 120  |7 97484 
242 0 1 |a Micro-robots - a complex method of water purification  |y eng 
245 1 0 |a Mikro-roboty - komplexný spôsob dočistenia vôd 
260 |c 2025 
650 4 |a wastewater  |2 eng 
650 4 |a micropollutants  |2 eng 
650 4 |a microbots  |2 eng 
650 4 |a g-C3N4  |2 eng 
650 4 |a photocatalysis  |2 eng 
650 4 |a odpadové vody  |2 slo 
650 4 |a mikropolutanty  |2 slo 
650 4 |a mikroboty  |2 slo 
650 4 |a g-C3N4  |2 slo 
650 4 |a fotokatalýza  |2 slo 
700 1 |a Mackuľak, Tomáš  |4 ths  |X 25433  |7 A000025433 
856 4 |u http://is.stuba.sk/zp/portal_zp.pl?podrobnosti=185341